[Event "Dosquebradas Fiestas del Progreso"]
[Site "Dosquebradas"]
[Date "2024.12.06"]
[Round "5"]
[White "Castano Olaya, Jair"]
[Black "Perez Latorre, Juan Sebastian"]
[Result "1/2-1/2"]
[WhiteElo "1719"]
[BlackElo "1759"]
[PlyCount "55"]
[EventDate "2024.12.04"]
[EventType "swiss"]
[EventRounds "9"]
[EventCountry "COL"]
[SourceTitle "CB50_2024"]
[SourceDate "2024.11.01"]
[SourceVersion "1"]
[SourceVersionDate "2024.11.01"]
[SourceQuality "2"]

1. e4 c5 2. Nf3 Nc6 3. d4 cxd4 4. Nxd4 g6 5. c4 Bg7 6. Be3 Nf6 7. Nc3 Ng4 8. Qxg4 Nxd4 9. Qd1 e5 10. Bd3 d6 11. 0-0 0-0 12. Qd2 Be6 13. Rac1 Rc8 14. b3 a6 15. Nd5 Bxd5 16. cxd5 Qd7 17. Rxc8 Rxc8 18. Rc1 h5 19. h3 Bf6 20. Rxc8+ Qxc8 21. Qb4 Qc7 22. Qd2 b5 23. f3 Qc5 24. Kf2 Kf8 25. Qc1 Be7 26. Qxc5 dxc5 27. Bxd4 cxd4 28. g3 1/2-1/2

[Event "Pereira Cosecha op"]
[Site "Pereira"]
[Date "2024.08.30"]
[Round "5"]
[White "Perez Latorre, Juan Sebastian"]
[Black "Rueda Rojas, Richard Alejandro"]
[Result "0-1"]
[WhiteElo "1755"]
[BlackElo "1976"]
[PlyCount "110"]
[EventDate "2024.08.28"]
[EventType "swiss"]
[EventRounds "9"]
[EventCountry "COL"]
[SourceTitle "EXT 2025"]
[Source "ChessBase"]
[SourceDate "2024.10.14"]
[SourceVersion "1"]
[SourceVersionDate "2024.10.14"]
[SourceQuality "1"]

1. e4 Nf6 2. e5 Nd5 3. c4 Nb6 4. d4 d6 5. f4 Bf5 6. Bd3 Bxd3 7. Qxd3 dxe5 8. fxe5 c5 9. d5 e6 10. Nc3 Qh4+ 11. g3 Qxc4 12. Qxc4 Nxc4 13. Nf3 exd5 14. Nxd5 Kd7 15. b3 Nb6 16. Nf4 Nc6 17. Bb2 Kc7 18. Ng5 c4 19. 0-0 Bb4 20. Rac1 Rhe8 21. bxc4 Bd2 22. Rc2 Be3+ 23. Kg2 Nb4 24. Re2 Bxf4 25. Rxf4 f6 26. Nf7 Nd3 27. Rf3 Nxb2 28. Rxb2 fxe5 29. c5 Nc4 30. Re2 Re7 31. Rf4 Rf8 32. Rxc4 Rfxf7 33. Rce4 Rf5 34. g4 Rg5 35. h4 Rg6 36. h5 Rge6 37. Ra4 a6 38. Kf3 Kc6 39. Rb4 Kxc5 40. a3 e4+ 41. Ke3 b5 42. Rc2+ Kb6 43. a4 Rc6 44. Rf2 Rc3+ 45. Kd2 Rc4 46. Rxc4 e3+ 47. Kc3 bxc4 48. Rb2+ Kc5 49. Re2 h6 50. a5 Rb7 51. g5 Rb3+ 52. Kc2 Ra3 53. Kb2 Kb4 54. gxh6 gxh6 55. Rg2 Rxa5 0-1

[Event "Pereira Cosecha op"]
[Site "Pereira"]
[Date "2024.08.29"]
[Round "2"]
[White "Puerta Rendon, Jacobo"]
[Black "Perez Latorre, Juan Sebastian"]
[Result "1-0"]
[WhiteElo "1952"]
[BlackElo "1755"]
[PlyCount "56"]
[EventDate "2024.08.28"]
[EventType "swiss"]
[EventRounds "9"]
[EventCountry "COL"]
[SourceTitle "EXT 2025"]
[Source "ChessBase"]
[SourceDate "2024.10.14"]
[SourceVersion "1"]
[SourceVersionDate "2024.10.14"]
[SourceQuality "1"]

1. e4 c5 2. Nf3 Nc6 3. d4 cxd4 4. Nxd4 g6 5. Nc3 Bg7 6. Be3 Nf6 7. Bc4 Qa5 8. 0-0 0-0 9. Nb3 Qd8 10. h3 d6 11. Be2 a6 12. a4 b6 13. f4 Bb7 14. Bf3 Nd7 15. Qd2 Rc8 16. e5 dxe5 17. Rad1 Nf6 18. fxe5 Qxd2 19. Rxd2 Nh5 20. g4 Ng3 21. Re1 f5 22. exf6 Rxf6 23. Bg2 Na5 24. Nxa5 bxa5 25. Bxb7 Rb8 26. Bd5+ e6 27. Bb3 Rbf8 28. Rf2 Rb8 1-0

[Event "Pereira Cosecha op"]
[Site "Pereira"]
[Date "2024.08.28"]
[Round "1"]
[White "Perez Latorre, Juan Sebastian"]
[Black "Hernandez Lopez, Isaac"]
[Result "1-0"]
[WhiteElo "1755"]
[BlackElo "1426"]
[PlyCount "81"]
[EventDate "2024.08.28"]
[EventType "swiss"]
[EventRounds "9"]
[EventCountry "COL"]
[SourceTitle "EXT 2025"]
[Source "ChessBase"]
[SourceDate "2024.10.14"]
[SourceVersion "1"]
[SourceVersionDate "2024.10.14"]
[SourceQuality "1"]

1. e4 e5 2. Nf3 Nc6 3. Bc4 Bc5 4. c3 Nf6 5. d4 exd4 6. cxd4 Bb4+ 7. Nc3 0-0 8. e5 Ne4 9. 0-0 Nxc3 10. bxc3 Bxc3 11. Ng5 d5 12. exd6 Qxd6 13. Qd3 g6 14. Qxc3 Qxd4 15. Qxd4 Nxd4 16. Ba3 Rd8 17. Be7 Rd7 18. Bxf7+ Kg7 19. Bc5 Kf6 20. Bxd4+ Rxd4 21. Nf3 Rf4 22. Bb3 Bg4 23. Rac1 c6 24. Rc3 Re8 25. h3 Bxf3 26. Rxf3 Rxf3 27. gxf3 b5 28. Rd1 a5 29. Rd6+ Kg5 30. Rxc6 a4 31. Rc5+ Kh4 32. Bd5 Kxh3 33. Kf1 b4 34. Bc6 Rf8 35. Rc4 Rd8 36. Bxa4 h5 37. Rxb4 g5 38. Bb3 Rd3 39. Kg1 Rxf3 40. Bd5 Rd3 41. Bg2# 1-0